Stabilization and structural adjustment: Macroeconomic frameworks for analysing the crisis in sub-saharan Africa. / (Record no. 2353)

MARC details
000 -LEADER
fixed length control field 00925nam a22001817a 4500
008 - FIXED-LENGTH DATA ELEMENTS--GENERAL INFORMATION
fixed length control field 120918t xxu||||| |||| 00| 0 eng d
020 ## - INTERNATIONAL STANDARD BOOK NUMBER
International Standard Book Number 0415081807
050 ## - LIBRARY OF CONGRESS CALL NUMBER
Classification number HC800.T37
100 ## - MAIN ENTRY--PERSONAL NAME
Personal name Tarp, Finn.
245 ## - TITLE STATEMENT
Title Stabilization and structural adjustment: Macroeconomic frameworks for analysing the crisis in sub-saharan Africa. /
Statement of responsibility, etc. Finn Tarp
260 ## - PUBLICATION, DISTRIBUTION, ETC.
Place of publication, distribution, etc. London:
Name of publisher, distributor, etc. Routledge.
Date of publication, distribution, etc. 1993.
300 ## - PHYSICAL DESCRIPTION
Extent xvi, 212 p:
Dimensions 20cm.
500 ## - GENERAL NOTE
General note Includes index
505 ## - FORMATTED CONTENTS NOTE
Formatted contents note Contents: Introduction -- Macroeconomics of Africa -- Macroeconomic consistency and adjustment policies -- Financial programming and stabilization -- Growth programming and adjustment -- Growth-oriented adjustment - an IMF/world bank synthesis -- Alternative approach and perspectives -- Conclusions.
650 ## - SUBJECT ADDED ENTRY--TOPICAL TERM
Topical term or geographic name entry element Economic stabilization -- Africa, Sub-Saharan.
650 ## - SUBJECT ADDED ENTRY--TOPICAL TERM
Topical term or geographic name entry element Structural adjustment (Economic policy) -- Africa, Sub-Saharan.
942 ## - ADDED ENTRY ELEMENTS (KOHA)
Source of classification or shelving scheme Library of Congress Classification
Koha item type Books
Holdings
Withdrawn status Lost status Source of classification or shelving scheme Damaged status Not for loan Home library Current library Shelving location Date acquired Total Checkouts Full call number Barcode Date last seen Copy number Price effective from Koha item type
    Library of Congress Classification     WISCONSIN INTERNATIONAL UNIVERSITY COLLEGE, GHANA - MAIN LIBRARY WISCONSIN INTERNATIONAL UNIVERSITY COLLEGE, GHANA - MAIN LIBRARY General Stacks 18/09/2012   HC800.T37 6355/12 18/09/2012 1 18/09/2012 Books

If you have any concerns or questions; kindly contact the library


© Powered by WIUC ICT DIRECTORATE